000 00402cam a2200157ua 4500
041 _aeng
_h
082 _a828.09
_bHUM/ST
100 _aHumphreys, A R.
245 _aSteele, Addison and their periodical essays /
_cA R Humphreys.
_hTextual Documents
250 _a1 /
_b.
260 _aLondon :
_bLongaman Green and Co ,
_c1959.
300 _a46.
504 _a
942 _cBK
999 _c2446
_d2446